Humboldt y la modernidad

Furkejuvvon:
Bibliográfalaš dieđut
Váldodahkkit: Zea, Leopoldo (Dahkki), Taboada, Hernán (Dahkki)
Materiálatiipa: Girji
Giella:espánnjágiella
Almmustuhtton: Cuernavaca Instituto Panamericano de Geografía e Historia 2001
Cuernavaca Fondo de Cultura Económica 2001
Preanttus:1a. ed
Ráidu:Latinoamérica Fin de Milenio, 16
Fáttát:
Fáddágilkorat: Lasit fáddágilkoriid
Eai fáddágilkorat, Lasit vuosttaš fáddágilkora!

MARC

LEADER 00000cam a2200000 a 4500
001 UCG2579
003 CL-VaPUC
008 100715e20010000mx |||||||||||||||||spa|d
020 |a 9686384510 
082 0 4 |a 925.5  |b ZEA  |2 21 
100 0 |a Zea, Leopoldo  |e author  |9 465991 
700 0 |a Taboada, Hernán  |e author  |9 551054 
245 1 0 |a Humboldt y la modernidad 
250 |a 1a. ed 
300 |a 133 p 
942 |c BK 
945 |d 20100715 00:00:00  |a dcastane 
260 |a Cuernavaca  |b Instituto Panamericano de Geografía e Historia  |c 2001 
260 |a Cuernavaca  |b Fondo de Cultura Económica  |c 2001 
600 0 7 |a HUMBOLDT, ALEJANDRO DE  |2 CL-VaPUC  |9 516389 
650 0 |a Biografías  |9 255210 
650 0 |a Científicos   |9 262025 
583 |a last modification  |c 20180402 12:17:44  |k Rodrigo Vera 
490 0 |a Latinoamérica Fin de Milenio, 16 
999 |c 341718  |d 341716 
952 |0 0  |1 0  |4 0  |6 925_500000000000000_ZEA_2001_2001  |7 0  |8 A  |9 437402  |a FDOPOS  |b FDOPOS  |d 2019-11-22  |i 4688708  |o 925.5 ZEA 2001 2001  |p 4688708  |r 2025-01-22  |w 2019-11-22  |y BK  |k DLH